000 01029nam a2200265Ia 4500
003 OSt
005 20220918110913.0
006 a|||||r|||| 00| 0
007 ta
008 220915b |||||||| |||| 00| 0 hin d
020 _a9789381467374 (hbk)
_c695
024 _a15,507
037 _b20310, 22/02/2014, Prashant Book Distributors
_cReference Collections
040 _aARTS
_cARTS
_bhin
041 _2hin
_ahin
082 _aO152,3N303x, Q2(RR)
100 _aअहमद, मजीद, संपा.
_910145
245 0 _aमहीप सिंह रचना - संचयन
246 _aMahīp sianha rachanā - sanchayana
260 _aनई दिल्ली
_bकिताबघर प्रकाशन भारत
_c2012
300 _a472पृ0
650 _aहिन्दी साहित्य
942 _hO152,3N303x, Q2(RR)
_cREF
999 _c115633
_d115633